| 000 | 05133cam a2200529 i 4500 | ||
|---|---|---|---|
| 001 | 22225460 | ||
| 003 | NUST | ||
| 005 | 20220825122248.0 | ||
| 008 | 210908t20212021nyuab e b 001 0 eng d | ||
| 010 | _a 2021289487 | ||
| 020 |
_a9780812995015 _q(hardcover ; _qacid-free paper) |
||
| 020 |
_a0812995015 _q(hardcover ; _qacid-free paper) |
||
| 035 | _a(OCoLC)on1245485350 | ||
| 038 | _aAzhar | ||
| 040 |
_aIG$ _beng _cIG$ _erda _dOCLCO _dUAP _dJAS _dCGB _dVP@ _dYDX _dIMT _dOTP _dCNEDM _dBDX _dTOH _dDYJ _dHF9 _dAUV _dWIO _dTCJ _dDLC |
||
| 042 | _alccopycat | ||
| 043 | _an-us--- | ||
| 050 | 0 | 0 |
_aHC103 _b.L38 2021 |
| 082 | 0 | 4 |
_a330.1220973 _223 _bLEV |
| 082 | 0 | 4 |
_a330.973 _223 _bLEV |
| 100 | 1 |
_aLevy, Jonathan, _d1978- _eauthor. _995247 |
|
| 245 | 1 | 0 |
_aAges of American capitalism : _ba history of the United States _cJonathan Levy. |
| 250 | _aFirst edition. | ||
| 260 |
_aNew York : _bRandom House, _c2021 |
||
| 264 | 4 | _c©2021 | |
| 300 |
_axxviii, 908 pages : _billustrations, maps ; _c25 cm |
||
| 336 |
_atext _btxt _2rdacontent |
||
| 337 |
_aunmediated _bn _2rdamedia |
||
| 338 |
_avolume _bnc _2rdacarrier |
||
| 504 | _aIncludes bibliographical references (pages 757-866) and index. | ||
| 505 | 0 | _aBook one: The age of commerce, 1660-1860. : -- Preface: Commerce -- Mercantilism -- Organic economy, household economy -- Republican political economy -- Capitalism and the democracy -- Confidence games -- Between slavery and freedom -- Book two: The age of capital, 1860-1932 : -- Preface: Capital -- Civil War and the reconstruction of capital -- Industrialization -- Class war and home life -- The populist revolt -- Fordism -- The Great Depression -- Book three: The age of control, 1932-1980. : -- Preface: Control -- New Deal capitalism -- New world hegemon -- Postwar hinge -- Consumerism -- Ordeal of a golden age -- Crisis of industrial capital -- Book four: The age of chaos, 1980- : -- Preface: Chaos -- Magic of the market -- The new economy -- The great moderation -- The Great Recession -- Afterword. | |
| 520 | _aToday, in the midst of a new economic crisis and severe political discord, the nature of capitalism in United States is at a crossroads. Since the market crash and Great Recession of 2008, historian Jonathan Levy has been teaching a course to help his students understand everything that had happened to reach that disaster and the current state of the economy, but in doing so he discovered something more fundamental about American history. Now, in an ambitious single-volume history of the United States, he reveals how, from the beginning of U.S. history to the present, capitalism in America has evolved through four distinct ages and how the country's economic evolution is inseparable from the nature of American life itself. The Age of Commerce spans the colonial era through the outbreak of the Civil War, a period of history in which economic growth and output largely depended on enslaved labor and was limited by what could be drawn from the land and where it could be traded. The Age of Capital traces the impact of the first major leap in economic development following the Civil War: the industrial revolution, when capitalists set capital down in factories to produce commercial goods, fueled by labor moving into cities. But investments in the new industrial economy led to great volatility, most dramatically with the onset of the Great Depression in 1929. The Depression immediately sparked the Age of Control, when the government took on a more active role in the economy, first trying to jump-start it and then funding military production during World War II. Skepticism of government intervention in the Cold War combined with recession and stagflation in the 1970s led to a crisis of industrial capitalism and the withdrawal of political will for regulation. In the Age of Chaos that followed, the combination of deregulation and the growth of the finance industry created a booming economy for some but also striking inequalities and a lack of oversight that led directly to the crash of 2008. In Ages of American Capitalism, Jonathan Levy proves that, contrary to political dogma, capitalism in the United States has never been just one thing. Instead, it has morphed throughout the country's history--and it's likely changing again right now. | ||
| 650 | 0 |
_aCapitalism _zUnited States _xHistory. _993668 |
|
| 650 | 0 | _aEconomic history. | |
| 650 | 7 |
_aBUSINESS & ECONOMICS / Economic History. _2bisacsh _993669 |
|
| 650 | 7 |
_aHISTORY / United States / 20th Century. _2bisacsh _995248 |
|
| 650 | 7 |
_aPOLITICAL SCIENCE / Economic Conditions. _2bisacsh _995249 |
|
| 650 | 7 |
_aCapitalism. _2fast _0(OCoLC)fst00846425 _93608 |
|
| 650 | 7 |
_aEconomic conditions. _2fast _0(OCoLC)fst01919582 _995250 |
|
| 650 | 7 |
_aEconomic history. _2fast _0(OCoLC)fst00901974 _998512 |
|
| 651 | 0 |
_aUnited States _xEconomic conditions. _912812 |
|
| 651 | 7 |
_aUnited States. _2fast _0(OCoLC)fst01204155 |
|
| 655 | 7 |
_aHistory. _2fast _0(OCoLC)fst01411628 _913777 |
|
| 906 |
_a7 _bcbc _ccopycat _d2 _encip _f20 _gy-gencatlg |
||
| 942 |
_2ddc _cLC |
||
| 999 |
_c590648 _d590648 |
||